000
00300nam a22001337a 4500
008
170407b xxu||||| |||| 00| 0 eng d
020
_a
9780323008341
041
_a
eng
080
_a
611.018
100
_a
9
101
_a
SHM
245
_a
HISTOLOGY AND CELL BIOLOGY
_c
BURNS.E.R
942
_2
udc
_c
BK
999
_c
10061
_d
10061